02709cam a2200349 i 450000100090000000300090000900500170001800800410003502000280007602000300010404000330013404300120016708200200017924500760019925000190027526400680029430000450036233600280040733700280043533800270046350400520049050508880054252005690143065000360199965000430203565300450207865500170212370000260214094200330216699900170219995201430221618070848EG-ScBUE20260331130432.0140318s2014 maua f b 001 0 eng d a0124171311 (paperback)  a9780124171312 (paperback) aDLCbengcDLCdEG-ScBUEerda aa-cc---04a551.23222bVOL00aVolcanic gas reservoir characterization /cQiquan Ran [and four others] aFirst edition. 1aWaltham, MA :bGulf Professional Publishing / Elsevier, c2014. axix, 583 pages :billustrations ;c24 cm 2rdacontentatext btxt  2rdamediaaunmediatedbn 2rdacarrieravolumebnc aIncludes bibliographical references and index. 8 aMachine generated contents note: Introduction Preface I Preface II Forward Chapter 1 - Introduction Chapter 2 - Internal Structure of Volcanic Gas Reservoirs Chapter 3 - Volcanic Rock Sequence Division and Stratigraphic Correlation Chapter 4 - Identification and Prediction of Volcanic Facies Chapter 5 - Lithology Identification and Prediction for Volcanic Rocks Chapter 6 - Identification and Prediction of Fractures in Volcanic Reservoirs Chapter 7 - Parameter Interpretation for Fractured Volcanic Reservoirs Chapter 8 - Gas Layer and Aquifer Identification for Volcanic Gas Reservoirs Chapter 9 - Effective Reservoir Identification and Prediction Chapter 10 - Characterization of Accumulation-Permeation Units in Volcanic Gas Reservoirs Chapter 11 - Characterization of Microstructures of Volcanic Gas Reservoirs Chapter 12 - Geologic Model Building for Volcanic Gas Reservoirs. a"This introduction chapter summarizes our current understandings of volcanic gas reservoirs worldwide and in China. The challenges and their innovative technical solutions presented in this book, as well as the significance of gas reservoir characterization, are summarized based on the authors' real case studies in Chinese volcanic gas fields during the last decade. A flow chart representing the research concepts and approaches that deal with specific difficulties in volcanic gas reservoir characterization provides the readers with an outline of this book"-- 7aVolcanic gas reservoirs.2BUEsh 7aVolcanic gas reservoirszChina.2BUEsh bENGPETbENGGENcAugust2015cDecember2015 vReading book1 aRan, Qiquan,eauthor. 2ddck551.23 VOLhRDA-MODcBB c20637d20609 00102ddc40708BaccahaMAINbMAINc1STd2015-08-19ePurchaseg1200.00h21761l0o551.23 VOLp000030719r2025-07-15 00:00:00v1500.00yBB